000 00229nam a22000857a 4500
008 160928b xxu||||| |||| 00| 0 eng d
100 _9773
_aWilson.R.etal
245 _aEnglish Course-7
260 _aNew Delhi
_bS. Chand Publications
_c2011
999 _c3429
_d3429